MARC

LEADER 00000nam0a2200000 4500
001 247687
005 20231031212139.0
035 |a (RuTPU)RU\TPU\book\269265 
090 |a 247687 
100 |a 20140113d1987 m y0rusy50 ca 
101 0 |a rus 
102 |a RU 
105 |a y j 001zy 
200 1 |a Обработка металлов резанием  |e учебное пособие  |f Г. М. Сухов, И. Н. Васильева  |g Всероссийский заочный финансово-экономический институт (ВЗФЭИ) 
210 |a Москва  |c Изд-во ВЗФЭИ  |d 1987 
215 |a 99 с. 
320 |a Библиогр.: с. 83. 
606 1 |a Металлы  |x Обработка резанием  |2 stltpush  |3 (RuTPU)RU\TPU\subj\43153 
610 1 |a учебные пособия 
610 1 |a технические измерения 
610 1 |a допуски 
610 1 |a посадки 
610 1 |a оборудование 
610 1 |a металлорежущие станки 
610 1 |a токарная обработка 
610 1 |a строгание 
610 1 |a сверление 
610 1 |a шлифование 
610 1 |a автоматизация 
675 |a 621.9(075.8)  |v 3 
700 1 |a Сухов  |b Г. М.  |g Геннадий Михайлович 
701 1 |a Васильева  |b И. Н.  |g Инна Николаевна 
712 0 2 |a Всероссийский заочный финансово-экономический институт (ВЗФЭИ)  |c (Москва)  |2 stltpush  |3 (RuTPU)RU\TPU\col\404 
801 1 |a RU  |b 63413507  |c 20140113 
801 2 |a RU  |b 63413507  |c 20190529  |g RCR 
942 |c BK